000 00194nam a22000977a 4500
040 _cSCME
100 _aZhuo zeyuan
245 _aChanging lives of farmers
300 _a250p.
942 _2ddc
_cBK
999 _c589562
_d589562